000 00293nam a22001337a 4500
008 170527b xxu||||| |||| 00| 0 eng d
020 _a0132791587
041 _aeng
080 _23RD
_a621
100 _a27
101 _aIM
245 _aENGINEERING MECHANICS
_cSHAMES, I.H
942 _2udc
_cBK
999 _c14696
_d14696